000 00878nam a22002297a 4500
001 28758
003 UA-OsUOA
005 20220626232730.0
007 ta
008 20050504b un ||||| |||| 00| 0 ukr d
040 _aUA-OsUOA
_brus
_cUA-OsUOA
_dUA-OsUOA
041 _arus
044 _aUA
080 _a94(477)-07(092)
090 _a94(477)-07(092)
_bП41
245 _aПобеда Великой Октябрьской социалистической революции и установление советской власти на Украине
_bсборник документов и материалов
_cред. С. М. Короливский
260 _aКиев
_bГосударственное издательство политической литературы УССР
_c1951
300 _a512 с.
650 7 _2UDC
942 _cBK
_2udc
955 _a0
999 _c315130
_d315130